Journey : (Record no. 131015)

MARC details
000 -LEADER
fixed length control field 00588nam a22002177a 4500
005 - DATE AND TIME OF LATEST TRANSACTION
control field 20170124110121.0
010 ## - LIBRARY OF CONGRESS CONTROL NUMBER
LC control number B-065082
020 ## - INTERNATIONAL STANDARD BOOK NUMBER
Terms of availability 00.00
035 ## - SYSTEM CONTROL NUMBER
System control number B-065082
037 ## - SOURCE OF ACQUISITION
Source of stock number/acquisition Cen Lib/Ret
040 ## - CATALOGING SOURCE
Original cataloging agency DPL
Language of cataloging EN
082 ## - DEWEY DECIMAL CLASSIFICATION NUMBER
Classification number 910.41
Item number JOU
245 ## - TITLE STATEMENT
Title Journey :
Statement of responsibility, etc edited by Robyn Davidson
Remainder of title an anthology /
260 ## - PUBLICATION, DISTRIBUTION, ETC. (IMPRINT)
Place of publication, distribution, etc London
Name of publisher, distributor, etc Picador
Date of publication, distribution, etc 1998
270 ## - ADDRESS
Address London
City London
300 ## - PHYSICAL DESCRIPTION
Extent x, 467p.
Dimensions 20cm(Hb)
650 ## - SUBJECT ADDED ENTRY--TOPICAL TERM
Topical term or geographic name as entry element Anthology
9 (RLIN) 17223
650 ## - SUBJECT ADDED ENTRY--TOPICAL TERM
Topical term or geographic name as entry element Geography Distances
9 (RLIN) 30584
700 ## - ADDED ENTRY--PERSONAL NAME
Personal name Davidson, Robyn
9 (RLIN) 106124
942 ## - ADDED ENTRY ELEMENTS (KOHA)
Source of classification or shelving scheme Dewey Decimal Classification
Koha item type English Books
Classification part 910.41
Call number suffix JOU
Holdings
Withdrawn status Lost status Damaged status Not for loan Home library Current library Date acquired Source of acquisition Cost, normal purchase price Total Checkouts Full call number Barcode Date last seen Copy number Cost, replacement price Price effective from Koha item type
        Central Library Central Library 11/07/2015 Cen Lib/Ret 0.00   910.41 JOU B-065082 11/07/2015 1 0.00 11/07/2015 English Books

© Delhi Public Library
Hit Counter
free hit counter